000 00389nam a2200169Ia 4500
008 170705s9999 xx 000 0 und d
020 _a9780439597807
245 _aRobinson Crusoe /
245 _cMichael Sandler.
260 _aNew York :
260 _bScholastic,
260 _c2003
300 _a48 pages :
300 _bcolor illustration ;
300 _c19cm.
500 _a450
999 _c335794
_d335794